| 000 | 00386 a2200121 4500 | ||
|---|---|---|---|
| 001 | ART_46793 | ||
| 005 | 20260410162000.0 | ||
| 008 | 260409a | ||
| 245 | 1 | 0 | _aEl impacto de la crisis Siria en los árabes ciudadanos de Israel |
| 100 | 1 | _aBrauner, Susana | |
| 700 | 1 | _aDavidi, Efraim | |
| 773 | 0 |
_tArchivos del presente _g- Año 16, Nº 57/58 (ene. 2012) _wREV28180 |
|
| 999 |
_c31179 _d31179 |
||